000
00272nam a22001217a 4500
008
181012b xxu||||| |||| 00| 0 eng d
041
_a
eng
080
_2
2nd
_a
616.073
100
_a
6
101
_a
GJEN
245
_a
Concepts of Genetics
_c
Cummings,M.R
942
_2
udc
_c
BK
999
_c
49572
_d
49572